| 000 | 00473 a2200157 4500 | ||
|---|---|---|---|
| 020 | _a8183120156 | ||
| 040 |
_aDLC _bDLC |
||
| 082 | _a 823 KIP | ||
| 100 | _aKipling, Rudyard | ||
| 245 |
_aJust so stories for little children _cRudyard Kipling, |
||
| 260 |
_a New Delhi: _bAne Marketing, _c2005. |
||
| 300 |
_a99 p. : _b ill. _c22 cm. |
||
| 500 | _aIncludes Index | ||
| 650 | _a1.Children’s stories, English.2.Animals --Fiction.Short stories. | ||
| 942 |
_cBK _k823 KIP _2ddc |
||
| 999 |
_c5024 _d5024 |
||